[Event "WCh"]
[Site "Mexico City MEX"]
[Date "2007.09.25"]
[Round "11"]
[White "Grischuk, A."]
[Black "Kramnik, V."]
[Result "1/2-1/2"]
[WhiteElo "2726"]
[BlackElo "2769"]
[PlyCount "25"]
[EventDate "2007.09.13"]

1. e4 e5 2. Nf3 Nf6 3. d4 Nxe4 4. Bd3 d5 5. Nxe5 Nd7 6. Nc3 Nxc3 7. bxc3 Nxe5
8. dxe5 Be7 9. Qh5 Be6 10. Rb1 Qd7 11. Bg5 c6 12. O-O Bxg5 13. Qxg5 1/2-1/2